Spell the Marvel Character #239 - Statistics

General Stats
  • This quiz has been taken 10 times
  • The average score is 14 of 16
Answer Stats
Picture Answer % Correct
Arana
100%
Captain America
100%
Red Hulk
100%
Emma Frost
90%
Ikaris
90%
Nick Fury
90%
Okoye
90%
Old Lace
90%
Professor X
90%
Rocket Raccoon
90%
Firebird
80%
Nikki
80%
Prince of Orphans
80%
Polaris
70%
Hepzibah
60%
Starhawk
60%
No matching quizzes found
Score Distribution
Percent of People with Each Score
Percentile by Number Answered
Your Score History
You have not taken this quiz